000 00502nmm a2200169Ia 4500
008 251105s9999||||xx |||||||||||||||||und||
020 _a9788425227233
041 _aspa
100 _aGwilt, Alison
245 0 _aModa sostenible :
_b Una guía práctica
264 _a[Madrid, España] :
_bEditorial Gustavo Gili,
_c2014
300 _a176 páginas
490 _aManuales de diseño de moda
650 _aDesign and fashion
856 _uhttps://public.digitaliapublishing.com/a/41423
942 _cCF
999 _c80284
_d80284